|
|
|
|
| LEADER |
00000cam a2200000 7i4500 |
| 001 |
0000094615 |
| 005 |
20250108123840.0 |
| 008 |
|
| 020 |
|
|
|a 9789670999197 (
|q hardback)
|
| 040 |
|
|
|e rda
|
| 041 |
|
|
|a Malay
|
| 090 |
0 |
0 |
|a JP CT
|b MAL
|
| 100 |
0 |
|
|a Emila Yusof ,
|e (author)
|
| 245 |
0 |
0 |
|a Puteri Gunung Ledang
|c Emila Yusof
|
| 264 |
|
1 |
|a Kuala Lumpur :
|b Integra Creative Media Sdn Bhd
|c 2017
|
| 300 |
|
|
|a 30 pages :
|b colour illustrations ;
|c 26cm.
|
| 336 |
|
|
|a text
|2 rdacontent
|
| 337 |
|
|
|a unmediated
|2 rdamedia
|
| 338 |
|
|
|a volume
|2 rdacarrier
|
| 500 |
|
|
|a Children age 4-6 years old (yellow)
|
| 541 |
|
|
|c Purchased on 2024
|f 111124 EMI
|h RM25.00
|
| 650 |
|
0 |
|a Children's stories, Malay
|
| 650 |
|
0 |
|a Classic tales fiction
|
| 700 |
0 |
|
|a Emila Yusof ,
|e author ,
|e illustrator
|
| 999 |
|
|
|a 0001790452
|b Book
|c Adult Collection
|e Desa - PPAJ
|
| 999 |
|
|
|a 0001790453
|b Book
|c Adult Collection
|e Desa - PPAJ
|
| 999 |
|
|
|a 0001790454
|b Book
|c Adult Collection
|e Desa - PPAJ
|
| 999 |
|
|
|a 0001790455
|b Book
|c Adult Collection
|e Desa - PPAJ
|
| 999 |
|
|
|a 0001790456
|b Book
|c Adult Collection
|e Desa - PPAJ
|
| 999 |
|
|
|a 0001790457
|b Book
|c Adult Collection
|e Desa - PPAJ
|
| 999 |
|
|
|a 0001790458
|b Book
|c Adult Collection
|e Desa - PPAJ
|
| 999 |
|
|
|a 0001790459
|b Book
|c Adult Collection
|e Desa - PPAJ
|
| 999 |
|
|
|a 0001790460
|b Book
|c Adult Collection
|e Desa - PPAJ
|
| 999 |
|
|
|a 0001790461
|b Book
|c Adult Collection
|e Desa - PPAJ
|
| 999 |
|
|
|a 0001790462
|b Book
|c Adult Collection
|e Desa - PPAJ
|
| 999 |
|
|
|a 0001790463
|b Book
|c Adult Collection
|e Desa - PPAJ
|
| 999 |
|
|
|a 0001790464
|b Book
|c Adult Collection
|e Desa - PPAJ
|
| 999 |
|
|
|a 0001790465
|b Book
|c Adult Collection
|e Desa - PPAJ
|
| 999 |
|
|
|a 0001790466
|b Book
|c Adult Collection
|e Desa - PPAJ
|
| 999 |
|
|
|a 0001790467
|b Book
|c Adult Collection
|e Desa - PPAJ
|
| 999 |
|
|
|a 0001790468
|b Book
|c Adult Collection
|e Desa - PPAJ
|
| 999 |
|
|
|a 0001790469
|b Book
|c Adult Collection
|e Desa - PPAJ
|
| 999 |
|
|
|a 0001790470
|b Book
|c Adult Collection
|e Desa - PPAJ
|
| 999 |
|
|
|a 0001790471
|b Book
|c Adult Collection
|e Desa - PPAJ
|
| 999 |
|
|
|a 0001790472
|b Book
|c Adult Collection
|e Desa - PPAJ
|
| 999 |
|
|
|a 0001790473
|b Book
|c Adult Collection
|e Desa - PPAJ
|
| 999 |
|
|
|a 0001790474
|b Book
|c Adult Collection
|e Desa - PPAJ
|
| 999 |
|
|
|a 0001790475
|b Book
|c Adult Collection
|e Desa - PPAJ
|
| 999 |
|
|
|a 0001790476
|b Book
|c Adult Collection
|e Desa - PPAJ
|
| 999 |
|
|
|a 0001790477
|b Book
|c Adult Collection
|e Desa - PPAJ
|
| 999 |
|
|
|a 0001790478
|b Book
|c Adult Collection
|e Desa - PPAJ
|
| 999 |
|
|
|a 0001790479
|b Book
|c Adult Collection
|e Desa - PPAJ
|
| 999 |
|
|
|a 0001790480
|b Book
|c Adult Collection
|e Desa - PPAJ
|
| 999 |
|
|
|a 0001790481
|b Book
|c Adult Collection
|e Desa - PPAJ
|
| 999 |
|
|
|a 0001790482
|b Book
|c Adult Collection
|e Desa - PPAJ
|
| 999 |
|
|
|a 0001790483
|b Book
|c Adult Collection
|e Desa - PPAJ
|
| 999 |
|
|
|a 0001790484
|b Book
|c Adult Collection
|e Desa - PPAJ
|
| 999 |
|
|
|a 0001790485
|b Book
|c Adult Collection
|e Desa - PPAJ
|
| 999 |
|
|
|a 0001790486
|b Book
|c Adult Collection
|e Desa - PPAJ
|
| 999 |
|
|
|a 0001790487
|b Book
|c Adult Collection
|e Desa - PPAJ
|
| 999 |
|
|
|a 0001790488
|b Book
|c Adult Collection
|e Desa - PPAJ
|
| 999 |
|
|
|a 0001790489
|b Book
|c Adult Collection
|e Desa - PPAJ
|
| 999 |
|
|
|a 0001790490
|b Book
|c Adult Collection
|e Desa - PPAJ
|
| 999 |
|
|
|a 0001790491
|b Book
|c Adult Collection
|e Desa - PPAJ
|
| 999 |
|
|
|a 0001790492
|b Book
|c Adult Collection
|e Desa - PPAJ
|
| 999 |
|
|
|a 0001791823
|b Book
|c Children Collection
|e Perbadanan Perpustakaan Awam Johor
|
| 999 |
|
|
|a 0001791824
|b Book
|c Children Collection
|e Cawangan Urban Transformation Centre
|
| 999 |
|
|
|a 0001791825
|b Book
|c Children Collection
|e Cawangan AEON Kulaijaya
|
| 999 |
|
|
|a 0001791826
|b Book
|c Children Collection
|e Cawangan Bandar Penawar
|
| 999 |
|
|
|a 0001791827
|b Book
|c Children Collection
|e Cawangan Urban Transformation Centre
|
| 999 |
|
|
|a 0001791828
|b Book
|c Children Collection
|e Cawangan Tmn. Ungku Tun Aminah
|
| 999 |
|
|
|a 0001791829
|b Book
|c Children Collection
|e Cawangan AEON Kulaijaya
|
| 999 |
|
|
|a 0001791830
|b Book
|c Children Collection
|e Cawangan Batu Pahat
|
| 999 |
|
|
|a 0001791831
|b Book
|c Children Collection
|e Cawangan Pontian
|
| 999 |
|
|
|a 0001791832
|b Book
|c Children Collection
|e Cawangan Segamat
|
| 999 |
|
|
|a 0001791833
|b Book
|c Children Collection
|e Cawangan Mersing
|
| 999 |
|
|
|a 0001791834
|b Book
|c Children Collection
|e Cawangan Tangkak
|
| 999 |
|
|
|a 0001791835
|b Book
|c Children Collection
|e Cawangan Muar
|
| 999 |
|
|
|a 0001791836
|b Book
|c Children Collection
|e Cawangan Kota Tinggi
|
| 999 |
|
|
|a 0001791837
|b Book
|c Children Collection
|e Perbadanan Perpustakaan Awam Johor
|
| 999 |
|
|
|a 0001791838
|b Book
|c Children Collection
|e Cawangan Bandar Tenggara
|
| 999 |
|
|
|a 0001791839
|b Book
|c Children Collection
|e Cawangan Taman Sri Lambak
|